000 00955nam a2200289Ia 4500
001 Para_7126
003 CHAP
008 220125s1980 xx 000 0 und d
010 _a206012
040 _cCHAP
090 _aPA FOLLETO 3063
100 _aHesse de Polanco, Edith
_955052
245 _aManual para los usuarios de FASAP un programa en Fotran para el análisis de datos de encuesta de agricultores /
_c por Edith Hesse de Polanco y Peter Walker
260 _aEl Batán, Méx. :
_b CIMMYT
300 _a51 p.
650 _aFortran (Programación)
_942651
650 _aProcesamiento automático de datos en agricultura
_991751
700 _aWalker, Peter
_9120890
710 _aCentro Internacional de Mejoramiento de Maíz y Trigo
_921207
901 _aPA FOLLETO 3063
902 _aA
905 _a0000001980 0000000000 00
910 _a1980
942 _cPARA
942 _cPARA
_d1
999 _c206012
_d206012